000 00782nam a2200205Ii 4500
003 JO-AjNU
008 230605s9999||||xx |||||||||||||| ||und||
040 _aJO-AjNU
_bara
_erda
_cJO-AjNU
041 _aara
050 1 4 _aJZ1318.2000
100 3 _a عشقي، أنور ماجد ,
_eauthor
_942261
245 0 0 _aالعولمة وأبعادها الاستراتيجية : المدينة المنورة واحداث القرن
250 _a(د،ط)
264 3 1 _aإصدارات مركز الشرق الأوسط للبحوث والدراسات القانونية ، 2000
300 _a172ص
336 _atext
_btxt
_2rdacontent
337 _aunmediated
_bn
_2rdamedia
338 _avolume
_bnc
_2rdacarrier
490 0 _aالمدينة المنورة -- أحداث القرن (3)
999 _aA18082
_c21650
_d21650